00410pab a2200133 454500008004000000100002400040245007500064260000900139300001400148362000800162650003000170650002100200773005500221180718b2004 xxu||||| |||| 00| 0 eng d aAlexander, Saveliev aEfficiency and accessibility of higher education in Russian federation c2004 ap.217-33. aApr aHigher education - Russia aHigher education aJournal of Educational Planning and Administration